Healthy Forests Restoration Act of 2003 : conference report (to accompany H.R. 1904).

Bibliographic Details
Corporate Author: United States. Congress
Format: Government Document Book
Language:English
Published: [Washington, D.C.] : [U.S. G.P.O.], [2003]
Series:Report / 108th Congress, 1st session, House of Representatives ; 108-386
Subjects:
Online Access:Text version:
PDF version:

MARC

Tag First Indicator Second Indicator Subfields
LEADER 00000cam a2200000 a 4500
001 in00001805921
005 20220106093729.0
008 031229s2003 dcu f000 0 eng c
035 |a (OCoLC)ocm53928524 
040 |a GPO  |c GPO  |d MvI  |d UtOrBLW 
042 |a pcc 
043 |a n-us--- 
049 |a UDOC 
049 |a WWW 
074 |a 1008-C 
074 |a 1008-C (online) 
074 |a 1008-D (MF) 
074 |a 1008-D (online) 
086 0 |a Y 1.1/8:108-386 
110 1 |a United States.  |b Congress  |n (108th, 1st session :  |d 2003) 
245 1 0 |a Healthy Forests Restoration Act of 2003 :  |b conference report (to accompany H.R. 1904). 
264 1 |a [Washington, D.C.] :  |b [U.S. G.P.O.],  |c [2003] 
300 |a 48 pages ;  |c 24 cm. 
336 |a text  |b txt  |2 rdacontent 
337 |a unmediated  |b n  |2 rdamedia 
338 |a volume  |b nc  |2 rdacarrier 
490 1 |a Report / 108th Congress, 1st session, House of Representatives ;  |v 108-386 
500 |a Caption title. 
500 |a Distributed to some depository libraries in microfiche. 
500 |a Shipping list number: 2004-0050-P. 
500 |a "November 20, 2003." 
500 |a Shipping List Date: 12/16/2003 
530 |a Also available via Internet from the GPO Access web site. Addresses as of 12/18/03: http://frwebgate.access.gpo.gov/cgi-bin/getdoc.cgi?dbname=108%5Fcong%5Freports&docid=f:hr386.108 (text version), http://frwebgate.access.gpo.gov/cgi-bin/getdoc.cgi?dbname=108%5Fcong%5Freports&docid=f:hr386.108.pdf (PDF version); current access is available via PURLs. 
650 0 |a Forest health  |x Law and legislation  |z United States. 
650 0 |a Wildfires  |z United States  |x Prevention and control. 
650 0 |a Forest management  |x Law and legislation  |z United States. 
810 1 |a United States.  |b Congress.  |b House.  |t Report ;  |v 108-386. 
856 4 1 |3 Text version:  |u https://purl.fdlp.gov/GPO/LPS41388  |t 0 
856 4 1 |3 PDF version:  |u https://purl.fdlp.gov/GPO/LPS41389  |t 0 
999 |a MARS 
999 f f |s 79b98ef0-558a-3aa1-b831-5776c3232865  |i dfebd21a-fc4a-3701-a2a4-4ba29c6f597c  |t 0 
952 f f |a Texas A&M University  |b College Station  |c Electronic Resources  |d Available Online  |t 0  |e Y 1.1/8:108-386  |h Superintendent of Documents classification 
998 f f |a Y 1.1/8:108-386  |t 0  |l Available Online